000 00484cam a22001814a 4500
005 20250605164245.0
008 250528s ||||||||||||||||||||||||d
035 _a21459
040 _aGR-AtMCL
_bgre
_dGR-AtMCL
_eAACR2
245 1 _aΓΝΩΣΤΙΚΗ ΨΥΧΟΛΟΓΙΑ ΤΟΜΟΣ 1
250 _a1
260 _bΑυτοεκδοση,
_c1996
300 _a270
700 1 _aΠορποδας Κωνσταντινος Δ
_97496
942 _cBK
999 _c6521
_d6521